Manual práctico de presupuestos de las entidades locales : normativa legal acotada : recopilación y comentarios sobre formación y ejecución con la Nueva Estructura Presupuestaria y formularios y expedientes normativa legal acotada :

ISBN: 84-86875-24-2
Publicat: Madrid : ATM, Asistencia Técnica al Municipio , 1990
Descripció física: 589 p. ; 17 cm

MARC

LEADER 00000nam a2200000Ia 4500
001 13866
008 160829s1990 xx 000 0 cat d
020 |a 84-86875-24-2 
080 |a M-4-65 
245 |a Manual práctico de presupuestos de las entidades locales :  |b  normativa legal acotada :  |b  recopilación y comentarios sobre formación y ejecución con la Nueva Estructura Presupuestaria y formularios y expedientes 
260 |a Madrid :  |b ATM, Asistencia Técnica al Municipio,  |c 1990 
300 |a 589 p. ;  |c 17 cm 
590 |a Inclou formularis i expedients 
650 0 |a Pressupostos municipals  |z Espanya   |x Legislació  |9 32981 
650 0 |a Pressupostos municipals  |9 22294 
901 |a Arxiu 
942 |n 1 
952 |0 0  |1 0  |4 0  |6 M465  |7 1  |9 46163  |a Arxiu  |b Arxiu  |d 2016-12-01  |l 0  |o M-4-65  |p 13866  |r 2016-12-01 00:00:00  |w 2016-12-01  |y ARXIU 
999 |c 49665  |d 49665